004180000a22001090004500090001700000245011700017041001400134100002700148942001300175773010300188999001700291 aAsbSeriadas10aEstudios geobotánicos colombianossdescripción de una sinecia típica en la subxerofitia del litoral Caribe0 aEspañol1 aDugand, Armando999113 cARTICULO1 tRevista de la Academia Colombiana de Ciencias Exactas, Físicas y Naturalesh14q135-141d1941g4 c15505d15505